Attractions de Disneyland Paris - Statistiques

Statistiques générales
  • Ce quiz a été pris 857 fois
    839 depuis la dernière actualisation
  • Le résultat moyen est 14 sur 44
Statistiques - réponses
Land Attractions % Correct
Discoveryland Hyperspace Mountain
73%
Frontierland Big Thunder Mountain
66%
Discoveryland Autopia
60%
Fantasyland It's A Small World
60%
Frontierland Phantom Manor
57%
Discoveryland Star Tours
57%
Discoveryland Orbitron
55%
Fantasyland Peter Pan's flight
50%
Worlds Of Pixar Ratatouille
49%
Fantasyland Les Voyages De Pinocchio
46%
Avengers Campus Avengers Assemble Flight Force
45%
Adventureland Indiana Jones et le temple du péril
41%
Worlds Of Pixar RC Racer
39%
Discoveryland Buzz Lightyear Laser Blast
37%
Discoveryland Les mystères du Nautilus
37%
Fantasyland Blanche-Neige et Les Sept Nains
36%
Toon Studio Crush's Coaster
35%
Worlds Of Pixar Cars Road Trip
32%
Main Street U.S.A Disneyland Railroad
32%
Avengers Campus Spider-Man W.E.B. Adventure
31%
Fantasyland Le Pays Des Contes De Fée
30%
Fantasyland Alice's Curious Labyrinth
29%
Fantasyland Le Carrousel de Lancelot
29%
Adventureland Pirates Of The Caribbean
29%
Fantasyland Dumbo : The Flying Elephant
26%
Adventureland La Cabane des Robinsons
26%
Toon Studio Les Tapis Volants
26%
Fantasyland Mad Hatter's tea cups
26%
Production Courtyard The Twilight Zone Hollywood Tower Hotel
25%
Worlds Of Pixar Toy Soldiers Parachute Drop
25%
Toon Studio Cars Quatre Roues Rallye
23%
Fantasyland Casey Jr. Le Petit Train Du Cirque
23%
Fantasyland La Tanière Du Dragon
23%
Main Street U.S.A Discovery Arcade
22%
Fantasyland Le Château de La Belle Au Bois Dormant
21%
Adventureland Le Passage Enchanté D'Aladdin
21%
Main Street U.S.A Liberty Arcade
21%
Worlds Of Pixar Slinky Dog Zigzag Spin
20%
Frontierland Thunder Mesa Riverboat Landing
17%
Adventureland Adventure Isle
13%
Main Street U.S.A Main Street Vehicles
11%
Discoveryland Discoveryland Railroad Station
8%
Fantasyland Fantasyland Railroad Station
7%
Frontierland Frontierland Railroad Station
7%
Aucun quiz correspondant
Distribution des résultats
% des personnes avec chaque résultat
Percentile par nombre de réponses
Votre historique - résultats
Vous n’avez pas pris ce quiz depuis la dernière actualisation